Droit constitutionnel et science politique

Na minha lista:
Detalhes bibliográficos
Autor principal: Chantebout, Bernard (Author)
Formato: Livro
Idioma:francês
Publicado em: París Armand Colin 1986
Edição:7a. ed
Assuntos:
Tags: Adicionar Tag
Sem tags, seja o primeiro a adicionar uma tag!

MARC

LEADER 00000cam a2200000 a 4500
001 UCC9926
003 CL-VaPUC
005 20210610001623.0
008 191122e19860000fr fre d
020 |a 2200311893 
082 0 4 |a 342.4  |b CHA  |2 21 
100 1 |a Chantebout, Bernard  |e author  |9 605227 
245 1 0 |a Droit constitutionnel et science politique 
250 |a 7a. ed 
260 |a París  |b Armand Colin  |c 1986 
300 |a 715 p 
583 |a last modification  |c 20191122 12:01:00  |k Rodrigo Vera 
650 0 0 |a Derecho constitucional   |9 222588 
650 0 0 |a Derecho francés  |9 385145 
942 |c BK 
945 |a dcastane  |d 20191122 12:01:00 
999 |c 376213  |d 376211 
952 |0 0  |1 0  |3 erb  |4 0  |6 342_400000000000000_CHA_1986  |7 0  |8 A  |9 495519  |a BIBDER  |b BIBDER  |e Precht Pizarro, Jorge Enrique  |i 5610613  |o 342.4 CHA 1986  |p 5610613  |r 2023-01-25  |w 2020-01-06  |y BK  |z Catalogado en:20191122  |k DER